000
00319nam a2200133 4500
999
_c
510079
_d
510079
008
190723b ||||| |||| 00| 0 eng d
100
_a
Singh, Jatinder
_9
7263
245
_a
Unleashing youth power for development
260
_c
2019
300
_a
p.32-34.
773
_a
Yojana
906
_a
Youth
942
_2
ddc
_c
AR